00693 2200265 4500001002100000005001500021035002500036008004100061020002200102041000800124082000800132090000800140100002200148245007800170250001600248260003900264300005300303500000800356650001300364084001400377856000600391990001000397990001000407990001000417INLIS00000000002047820251201014322 a0010-051300000020478251201 e 0 ind  a978-979-25-4939-6 aind a100 a100 aNurani, Soyomukti1 aPengantar Filsafat Umum / editor, Meita, Sandra :b- /cNurani, Soyomukti aCetakan : 1 aYogjakarta :bAR-RUZZ-MEDIA,c2011 a452 hlm. : ilus. ;21 cm. :b- ;c14.5 x 21 cme- a437 4aFilsafat a100 NUR p a- a26375 a26377 a26376